000 00617nam a2200217Ia 4500
999 _c35995
_d35995
001 1894
003 GE_BSU
005 20221006135817.0
008 181216s2004ru xx |||||||||||||| ||rus||
020 _a5981191929
040 _cGE_BSU
041 _arus
080 _a347.99075.8) п-49
100 _aПолтавская,Н.А.
_915093
245 _aНотариат.Курс лекций /
_cН.А. Полтавская.
264 _aМосква :
_bОмега-Л,
_c2004.
300 _a256 с. :
_b19 см.
653 _aНотариат
653 _aნოტარიუსები
942 _cBK
_2udc